|
|
|
|
| LEADER |
00000nam a22000007a 4500 |
| 005 |
20110831112413.0 |
| 008 |
110831t2010 mx ||||s|||| 001 0 spa d |
| 020 |
|
|
|a 978-607-7603-57-3
|
| 035 |
|
|
|a 5508
|
| 040 |
|
|
|a vLex
|
| 090 |
|
|
|c 2313
|d 2313
|
| 100 |
1 |
|
|a Cr̀denas Sǹchez, Enrique
|
| 245 |
1 |
3 |
|a La economa̕
|c Enrique Cr̀denas Sǹchez
|h [Recurso electrn̤ico] /
|
| 256 |
|
|
|a Servicio en ln̕ea.
|
| 260 |
|
|
|a [Mx̌ico] :
|b Nostra Ediciones,
|c 2010.
|
| 500 |
|
|
|a La historia econm̤ica est ̀profundamente ligada a la evolucin̤ social, institucional y polt̕ica de nuestro pas̕. En esta obra, presentada por un experimentado profesor de la materia y reconocido especialista, se explica con detalle y claridad tanto la compleja transformacin̤ estructural como todos los temas centrales del desarrollo econm̤ico mexicano: desde los primeros aǫs de vida independiente hasta la crisis de 1982, el momento de ruptura del pacto social –que, de una u otra forma, ofreci ̤las condiciones que dieron pie al crecimiento econm̤ico del pas̕- y, finalmente, la transformacin̤ estructural de la economa̕ mexicana, su contexto y los altibajos en los l︢timos veinte aǫs.
|
| 506 |
1 |
|
|a Contenido solo disponible en los productos indicados
|d vLex Global
|d vLex Global (Academic Edition, excluding Law Schools)
|d vLex Global (U.S. Academic Edition, Law Schools)
|d vLex Global (U.S. Academic Edition, excluding Law Schools)
|d vLex Global (Academic Edition, Law Schools)
|
| 650 |
4 |
0 |
|a Economia
|z Mx̌ico
|
| 740 |
0 |
|
|a vLex Libros (Servicio en ln̕ea)
|
| 856 |
4 |
0 |
|u http://vlex.com/source/economia-5508
|z Acceso restringido
|
| 942 |
|
|
|c BOOK
|